| 000 | 00419 a2200133 4500 | ||
|---|---|---|---|
| 001 | ART_11120 | ||
| 005 | 20260410161732.0 | ||
| 008 | 260409a | ||
| 245 | 1 | 0 | _aTratamiento impositivo de las inversiones bursátiles |
| 100 | 1 | _aShilton, Edgardo | |
| 700 | 1 | _aChapto, Alejandro Miguel | |
| 700 | 1 | _aUrdampilleta, Marcelo | |
| 773 | 0 |
_tEjecutivos de finanzas _g- Año 5, Nº 42 (nov. 1987) _wREV2863 |
|
| 999 |
_c17984 _d17984 |
||